| 000 | 00415nam a2200169 a 4500 | ||
|---|---|---|---|
| 001 | 1770888360255 | ||
| 003 | YourLibrary | ||
| 005 | 20260212145937.0 | ||
| 008 | 260212s2003##################000#0#eng## | ||
| 020 | _a9780195667880 | ||
| 082 | 0 | 4 |
_a330 _bPAT.1 |
| 100 | 1 |
_aMookherjee, Dilip, _eauthor. |
|
| 245 | 1 | 0 | _aSoulful Voices : |
| 260 | _c2003. | ||
| 942 | _cENGLISH | ||
| 040 |
_aYourLibrary _beng _cYourLibrary |
||
| 999 |
_c612028 _d612028 |
||